Vplyv logistiky na konkurencieschopnosť firmy

Podniková konkurencieschopnosť ako schopnosť firmy navrhnúť, vyrobiť a realizovať výrobky na trhu lepšie voči tým, ktoré sú ponúkané konkurentami, zohľadňujúc cenové a necenové parametre. Zvyšovanie podnikovej konkurencieschopnosti by malo byť najdôležitejším cieľom pri riadení a vykonávaní logistik...

Descripción completa

Guardado en:
Detalles Bibliográficos
Autor principal: Lazový, Pavol
Formato: Capítulo de libro
Lenguaje:eslovaco
Materias:
Etiquetas: Agregar Etiqueta
Sin Etiquetas, Sea el primero en etiquetar este registro!

MARC

LEADER 00000naa$a2200000$$$4500
001 0091232
005 20240502072022.6
041 0 |a slo 
044 |a SK 
245 1 0 |a Vplyv logistiky na konkurencieschopnosť firmy  |c Pavol Lazový 
520 |a Podniková konkurencieschopnosť ako schopnosť firmy navrhnúť, vyrobiť a realizovať výrobky na trhu lepšie voči tým, ktoré sú ponúkané konkurentami, zohľadňujúc cenové a necenové parametre. Zvyšovanie podnikovej konkurencieschopnosti by malo byť najdôležitejším cieľom pri riadení a vykonávaní logistiky. Hodnotový reťazec - primárne a podporné činnosti. Získavanie konkurenčnej výhody vďaka logistike. Riadenie logistických procesov. 
610 2 0 |a konkurencieschopnosť 
610 2 0 |a podnik 
610 2 0 |a logistika 
610 2 0 |a riadenie procesné 
100 1 |a Lazový, Pavol